000 00390pam a2200157 a 4500
020 _a9780323077477
_c
041 _h
082 _a617.3
_b11432
100 _aMAXEY L., MAGHUSSON J.,.
245 _aREHAHILITATION FOR THE POST SURGICAL ORTHOPEDIC PATIENT
_hTextual Documents
250 _a3.
260 _bMOSBY
_c2013
300 _a649:
_bXIV;
_cHB.
930 _a6210
999 _c800737
_d800737
650 _aORTHO